000 00866nam0a22002771 4500
001 rc\4544994
005 20250612113517.0
021 _aRU
_b[65-53943]
035 _a(NLR Aleph) 008637861
090 _a8923525
_c8923525
100 _a20130416d1965 |||y0rusy50 ca
101 0 _arus
102 _aRU
105 _aa g |||||
200 1 _aСправочник по элементарной физике
205 _a3-е изд., перераб. и доп.
210 _aМосква
_cНаука
_d1965
215 _a246 с.
_cил.
_d17
606 _aФизика
_jСправочники
_2psbo
700 1 _aКошкин
_bН.И.
_gНиколай Иванович
701 1 _aШиркевич
_bМ.Г.
_gМихаил Григорьевич
801 0 _aRU
_bNLR
_gpsbo
801 1 _aRU
_bELAR
_2rusmarc
852 _aNLR
_j65-2/1614
942 _cBOOK
980 _aNB